[Event "Villahermosa op 3rd"]
[Site "Villahermosa"]
[Date "2014.04.15"]
[Round "1"]
[White "Ortiz Suarez, Isan Reynaldo"]
[Black "Benavente Vazquez, Juan Jose"]
[Result "1-0"]
[WhiteElo "2604"]
[BlackElo "2095"]
[PlyCount "133"]
[EventDate "2014.04.15"]
[EventType "swiss"]
[EventRounds "9"]
[EventCountry "MEX"]
[SourceTitle "CBM 159 Extra"]
[Source "ChessBase"]
[SourceDate "2014.04.24"]
[SourceVersion "1"]
[SourceVersionDate "2014.04.24"]
[SourceQuality "1"]

1. e4 c5 2. Nf3 e6 3. d4 cxd4 4. Nxd4 Nc6 5. Nc3 Qc7 6. Be3 a6 7. Qd2 Nf6 8. f4 Bb4 9. Bd3 d5 10. e5 Ne4 11. Bxe4 dxe4 12. a3 Bxc3 13. Qxc3 Bd7 14. Nb3 Rc8 15. Nd2 Ne7 16. Nxe4 Qxc3+ 17. Nxc3 Nd5 18. Bd2 Nxc3 19. Bxc3 Bc6 20. 0-0 Be4 21. Rf2 0-0 22. Re1 Bd5 23. Bb4 Rfe8 24. a4 Rc4 25. c3 a5 26. Bxa5 Rxa4 27. Bb4 Rea8 28. Ba3 Rc8 29. g3 h5 30. Rd2 Re4 31. Red1 h4 32. Kf2 hxg3+ 33. hxg3 g5 34. Rg1 Re8 35. Rd3 Kg7 36. Re3 Rxe3 37. Kxe3 g4 38. Kd4 Rc8 39. Bc5 Rh8 40. c4 Bf3 41. Be7 Rh2 42. b4 Rd2+ 43. Kc5 Re2 44. b5 Kg6 45. Rc1 Kf5 46. Kd4 Rg2 47. Bh4 Ra2 48. Kc5 Rd2 49. Kb6 Ra2 50. c5 Rb2 51. Ra1 Bc6 52. Ra5 Ke4 53. Kc7 Rxb5 54. Rxb5 Bxb5 55. Kxb7 Kd5 56. Be7 Be8 57. Kc7 Bc6 58. Bd6 Ba4 59. Kd8 Bc2 60. Kd7 Ba4+ 61. Ke7 Bc6 62. Kxf7 Bd7 63. Kf6 Ke4 64. Ke7 Bc6 65. Kxe6 Kf3 66. f5 Kxg3 67. f6 1-0

[Event "Wch U14"]
[Site "Kemer"]
[Date "2009.11.21"]
[Round "10"]
[White "Benavente Vazquez, Juan Jose"]
[Black "Petras, Marian"]
[Result "1-0"]
[WhiteElo "1947"]
[BlackElo "1756"]
[PlyCount "83"]
[EventDate "2009.11.12"]
[EventType "swiss"]
[EventRounds "11"]
[EventCountry "TUR"]
[SourceTitle "EXT 2010"]
[Source "ChessBase"]
[SourceDate "2010.11.25"]
[SourceVersion "1"]
[SourceVersionDate "2010.11.25"]
[SourceQuality "1"]

1. d4 d5 2. Nf3 Nf6 3. g3 e6 4. Bg2 c5 5. 0-0 Nc6 6. c4 Be7 7. cxd5 Nxd5 8. dxc5 Bxc5 9. Qc2 Be7 10. Rd1 Qb6 11. e4 Ndb4 12. Qe2 0-0 13. Nc3 Qa6 14. Qxa6 Nxa6 15. Be3 Nc7 16. Bf4 Bd8 17. Rxd8 Rxd8 18. Bxc7 Rd7 19. Bf4 b6 20. a3 Bb7 21. h4 Rad8 22. Bf1 f6 23. Bc4 Kf7 24. Rc1 Nd4 25. Nxd4 Rxd4 26. Bb3 Rc8 27. Re1 Ba6 28. Be3 Rdd8 29. Ba4 Rd3 30. Bd1 Rdd8 31. e5 f5 32. Ba4 Rc4 33. Bg5 Rd3 34. Bd1 Rc5 35. Be2 Rdxc3 36. bxc3 Bxe2 37. Rxe2 Rxc3 38. Re3 Rc5 39. Bf4 h6 40. Rd3 Rc7 41. Bd2 g6 42. Bxh6 1-0

[Event "Wch U14"]
[Site "Kemer"]
[Date "2009.11.18"]
[Round "7"]
[White "Tesik, Csaba"]
[Black "Benavente Vazquez, Juan Jose"]
[Result "1-0"]
[WhiteElo "2185"]
[BlackElo "1947"]
[PlyCount "45"]
[EventDate "2009.11.12"]
[EventType "swiss"]
[EventRounds "11"]
[EventCountry "TUR"]
[SourceTitle "EXT 2010"]
[Source "ChessBase"]
[SourceDate "2010.11.25"]
[SourceVersion "1"]
[SourceVersionDate "2010.11.25"]
[SourceQuality "1"]

1. e4 c5 2. Nf3 e6 3. d4 cxd4 4. Nxd4 a6 5. Nc3 Qc7 6. Bd3 Nf6 7. 0-0 b5 8. a3 Bb7 9. Kh1 Be7 10. f4 d6 11. Qe2 Nbd7 12. Bd2 Nc5 13. Rae1 0-0 14. Rf3 Rac8 15. Rh3 Nxd3 16. cxd3 Rfe8 17. Nf3 Qc5 18. Rf1 d5 19. e5 d4 20. Nxd4 Bf8 21. Ne4 Red8 22. Nc3 Qb6 23. Nf3 1-0

[Event "Wch U14"]
[Site "Kemer"]
[Date "2009.11.16"]
[Round "6"]
[White "Benavente Vazquez, Juan Jose"]
[Black "Grandadam, Patrick"]
[Result "1/2-1/2"]
[WhiteElo "1947"]
[BlackElo "2133"]
[PlyCount "54"]
[EventDate "2009.11.12"]
[EventType "swiss"]
[EventRounds "11"]
[EventCountry "TUR"]
[SourceTitle "EXT 2010"]
[Source "ChessBase"]
[SourceDate "2010.11.25"]
[SourceVersion "1"]
[SourceVersionDate "2010.11.25"]
[SourceQuality "1"]

1. d4 d5 2. Nf3 e6 3. g3 Nf6 4. Bg2 b5 5. 0-0 Bb7 6. b3 b4 7. c3 bxc3 8. Nxc3 Nbd7 9. Bb2 c5 10. Rc1 Rc8 11. Na4 Bd6 12. Ne5 0-0 13. Nxd7 Nxd7 14. dxc5 Nxc5 15. Nxc5 Rxc5 16. Qd2 Qe7 17. Bd4 Rxc1 18. Rxc1 a6 19. Qa5 f5 20. e3 Rc8 21. Rxc8+ Bxc8 22. Bf1 Bc7 23. Qc3 e5 24. Bc5 Qd8 25. Bb4 Kf7 26. Qc5 Kg6 27. Bd3 h5 1/2-1/2

[Event "Carlos Torre Memorial op 21st"]
[Site "Merida"]
[Date "2008.12.16"]
[Round "6"]
[White "Benavente Vazquez, Juan Jose"]
[Black "Tapie Amione, Pablo Adib"]
[Result "0-1"]
[WhiteElo "1924"]
[BlackElo "2253"]
[PlyCount "60"]
[EventDate "2008.12.13"]
[EventType "swiss"]
[EventRounds "9"]
[EventCountry "MEX"]
[SourceTitle "CBM 127 Extra"]
[Source "ChessBase"]
[SourceDate "2009.01.08"]
[SourceVersion "2"]
[SourceVersionDate "2009.01.28"]
[SourceQuality "1"]

1. d4 Nf6 2. c4 c5 3. Nf3 cxd4 4. Nxd4 Nc6 5. Nc3 g6 6. g3 Bg7 7. Bg2 Nxd4 8. Qxd4 0-0 9. 0-0 d6 10. e4 Be6 11. Qd3 Rc8 12. b3 b5 13. Nxb5 Nxe4 14. Rb1 Nc5 15. Qd2 Bf5 16. Rb2 Qb6 17. Nc3 e6 18. b4 Nd3 19. Rb3 Rxc4 20. Na4 Qd4 21. Ba3 Rfc8 22. Rd1 Rc2 23. Qe3 Rxf2 24. Rbxd3 Qxe3 25. Rxe3 Rxa2 26. Rxd6 Bh6 27. Rf3 Be4 28. Rf2 Ra1+ 29. Rf1 Be3+ 30. Kh1 Rxf1# 0-1